00752cam a2200241 i 4500001000300000003000900003005001700012008004100029020001500070040000800085080001200093080001200105080000900117100002800126245009800154250002000252260003600272300002900308655001700337650002800354650003000382856009800412bgKOSZ 00520211214083654.0961112s1996 pl f |000 0 pol d a839016891X cBPK a004.045 a004.438 a(07)1 aGrębosz, JerzyeAutor10aSymfonia C++ :bprogramowanie w języku C++ orientowane obiektowo.nT. 2 /cJerzy Grębosz. a[Wyd. 4 uzup.]. aKraków :b"Kallimach",c1996. aXI, S. 260-493 ;c24 cm. 4aPodręcznik 4aProgramowanie obiektowe 4aC (język programowania) uhttp://koha.tu.koszalin.pl/cgi-bin/koha/opac-detail.pl?biblionumber=34223yKatalog online BPK